000 00662nam a2200253Ia 4500
003 OSt
005 20220918222456.0
006 a|||||r|||| 00| 0
007 ta
008 220917b |||||||| |||| 00| 0 eng d
024 _a216,999
037 _cTextual
040 _aARTS
_cARTS
_beng
041 _2eng
_aeng
082 _aR413, P0
100 _aVoltaire
245 0 _aTreatise on tolerance
260 _aCambridge
_bCambridge University Press
_c2000
300 _axxv, 160p
_ccm.
490 _aCambridge texts in the history of philosophy
650 _aETHICS
942 _hR413, P0
_cTEXL
_2CC
999 _c275624
_d275624